[Event "ROU-chT 1st League 2019"]
[Site "Mamaia"]
[Date "2019.09.24"]
[Round "4.9"]
[White "Georgescu, Tiberiu-Marian"]
[Black "Grigore, George-Gabriel"]
[Result "1/2-1/2"]
[WhiteElo "2508"]
[BlackElo "2491"]
[Annotator "ChessBase"]
[PlyCount "39"]
[EventDate "2019.09.21"]
[EventType "team-tourn"]
[EventCountry "ROU"]
[SourceTitle "playchess.com"]
[Source "ChessBase"]
[SourceQuality "1"]
[TimeControl "40/5400+30:1800+30"]

1. d4 {[%emt 0:00:00]} d5 {[%emt 0:00:00]} 2. Bf4 {[%emt 0:00:00]} Nf6 {[%emt 0:02:45]} 3. e3 {[%emt 0:00:00]} g6 {[%emt 0:03:02]} 4. c4 {[%emt 0:02:15]} Bg7 {[%emt 0:00:42]} 5. Nc3 {[%emt 0:00:15]} O-O {[%emt 0:00:56]} 6. Rc1 {[%emt 0:03:06]} dxc4 {[%emt 0:08:57]} 7. Bxc4 {[%emt 0:00:30]} c5 {[%emt 0:00:05]} 8. dxc5 {[%emt 0:05:37]} Qa5 {[%emt 0:00:37]} 9. Nf3 {[%emt 0:06:20]} Qxc5 {[%emt 0:00:25]} 10. Bb3 {[%emt 0:01:01]} Nc6 {[%emt 0:02:41]} 11. O-O {[%emt 0:00:16]} Qa5 {[%emt 0:00:12]} 12. Qe2 {[%emt 0:05:49]} Nh5 {[%emt 0:01:39]} 13. Bg3 {[%emt 0:16:04]} Bg4 {[%emt 0:05:52]} 14. Rfd1 {[%emt 0:12:45]} Nxg3 {[%emt 0:03:17]} 15. hxg3 {[%emt 0:00:02]} Rad8 {[%emt 0:02:08]} 16. Qc4 {[%emt 0:20:01]} Be6 {[%emt 0:05:38]} 17. Qa4 {[%emt 0:03:23]} Qxa4 {[%emt 0:06:54]} 18. Bxa4 {[%emt 0:03:05]} Ne5 {[%emt 0:24:22]} 19. Nd4 {[%emt 0:00:38]} Bc4 {[%emt 0:00:59]} 20. Bb5 {[%emt 0:02:19]} 1/2-1/2

[Event "ROU-chT 1st League 2019"]
[Site "Mamaia"]
[Date "2019.09.24"]
[Round "4.10"]
[White "Manea, Alexandru"]
[Black "David, Alexandru-Vasile"]
[Result "1/2-1/2"]
[WhiteElo "2305"]
[BlackElo "2424"]
[Annotator "NA"]
[PlyCount "73"]
[EventDate "2019.09.21"]
[EventType "team-tourn"]
[EventCountry "ROU"]
[SourceTitle "playchess.com"]
[Source "ChessBase"]
[SourceQuality "1"]
[TimeControl "40/5400+30:1800+30"]

1. d4 {[%emt 0:00:00]} Nf6 {[%emt 0:00:00]} 2. Nf3 {[%emt 0:00:02]} e6 {[%emt 0:00:00]} 3. g3 {[%emt 0:01:08]} b6 {[%emt 0:00:00]} 4. Bg2 {[%emt 0:00:12]} Bb7 {[%emt 0:00:00]} 5. c4 {[%emt 0:00:14]} Be7 {[%emt 0:00:03]} 6. Nc3 {[%emt 0:00:05]} Ne4 {[%emt 0:02:25]} 7. Bd2 {[%emt 0:00:31]} O-O {[%emt 0:02:34]} 8. O-O {[%emt 0:00:45]} d6 {[%emt 0:01:28]} 9. Qc2 {[%emt 0:00:13]} Nxd2 {[%emt 0:00:52]} 10. Qxd2 {[%emt 0:07:10]} Nd7 {[%emt 0:01:30]} 11. Ne1 {[%emt 0:02:09]} Bxg2 {[%emt 0:06:04]} 12. Nxg2 {[%emt 0:01:07]} e5 {[%emt 0:00:36]} 13. dxe5 {[%emt 0:13:23]} Nxe5 {[%emt 0:01:26]} 14. b3 {[%emt 0:00:10]} Qd7 {[%emt 0:06:26]} 15. f4 {[%emt 0:03:23]} Nc6 {[%emt 0:04:00]} 16. e4 {[%emt 0:01:54]} Rfe8 {[%emt 0:02:27]} 17. Rad1 {[%emt 0:00:51]} Bf8 {[%emt 0:02:53]} 18. Ne3 {[%emt 0:01:32]} Nd8 {[%emt 0:03:42]} 19. Rfe1 {[%emt 0:10:30]} Ne6 {[%emt 0:02:31]} 20. Ned5 {[%emt 0:08:34]} c6 {[%emt 0:02:55]} 21. Ne3 {[%emt 0:03:31]} Rad8 {[%emt 0:06:29]} 22. Qg2 {[%emt 0:17:30]} a5 {[%emt 0:01:20]} 23. Nc2 {[%emt 0:03:01]} Qc7 {[%emt 0:02:08]} 24. Qf3 {[%emt 0:02:26]} g6 {[%emt 0:05:22]} 25. Rd2 {[%emt 0:01:34]} Bg7 {[%emt 0:01:32]} 26. Nd1 {[%emt 0:00:05]} Qe7 {[%emt 0:06:46]} 27. Nf2 {[%emt 0:05:12]} Nc5 {[%emt 0:10:15]} 28. Kg2 {[%emt 0:01:07]} Qc7 {[%emt 0:05:06]} 29. Red1 {[%emt 0:01:31]} Rd7 {[%emt 0:04:08]} 30. Kg1 {[%emt 0:05:18]} Rde7 {[%emt 0:06:07]} 31. Re2 {[%emt 0:03:22]} Re6 {[%emt 0:04:09]} 32. Rde1 {[%emt 0:00:36]} Qe7 {[%emt 0:00:39]} 33. Kf1 {[%emt 0:00:58]} Qf6 {[%emt 0:01:19]} 34. Rd1 {[%emt 0:02:45]} Qe7 {[%emt 0:01:02]} 35. Rde1 {[%emt 0:00:04]} Qf6 {[%emt 0:01:06]} 36. Rd1 {[%emt 0:00:04]} Qe7 {[%emt 0:00:07]} 37. Rde1 {[%emt 0:00:00]} 1/2-1/2

[Event "ROU-chT 1st League 2019"]
[Site "Mamaia"]
[Date "2019.09.24"]
[Round "4.11"]
[White "Stoleriu, George"]
[Black "Szabo, Attila"]
[Result "1-0"]
[WhiteElo "2351"]
[BlackElo "2239"]
[Annotator "NA"]
[PlyCount "105"]
[EventDate "2019.09.21"]
[EventType "team-tourn"]
[EventCountry "ROU"]
[SourceTitle "playchess.com"]
[Source "ChessBase"]
[SourceQuality "1"]
[TimeControl "40/5400+30:1800+30"]

1. e4 {[%emt 0:00:00]} e5 {[%emt 0:00:42]} 2. Nf3 {[%emt 0:00:00]} Nc6 {[%emt 0:01:14]} 3. Bb5 {[%emt 0:00:00]} a6 {[%emt 0:00:20]} 4. Ba4 {[%emt 0:00:00]} d6 {[%emt 0:00:24]} 5. c3 {[%emt 0:00:14]} Nf6 {[%emt 0:00:34]} 6. d3 {[%emt 0:00:04]} Be7 {[%emt 0:04:27]} 7. O-O {[%emt 0:00:14]} O-O {[%emt 0:00:10]} 8. Re1 {[%emt 0:00:02]} b5 {[%emt 0:03:11]} 9. Bb3 {[%emt 0:00:06]} Bb7 {[%emt 0:00:07]} 10. Nbd2 {[%emt 0:00:18]} h6 {[%emt 0:04:27]} 11. Nf1 {[%emt 0:00:13]} Nh7 {[%emt 0:06:18]} 12. Ng3 {[%emt 0:04:20]} Ng5 {[%emt 0:00:32]} 13. Nf5 {[%emt 0:00:52]} Nxf3+ {[%emt 0:08:47]} 14. Qxf3 {[%emt 0:00:05]} Bg5 {[%emt 0:01:09]} 15. Qg3 {[%emt 0:01:44]} Qf6 {[%emt 0:01:33]} 16. Bxg5 {[%emt 0:03:59]} Qxg5 {[%emt 0:31:46]} 17. Re3 {[%emt 0:00:32]} Kh7 {[%emt 0:00:08]} 18. Qh3 {[%emt 0:00:47]} Qf6 {[%emt 0:00:29]} 19. Rg3 {[%emt 0:40:48]} Rg8 {[%emt 0:05:40]} 20. Rf3 {[%emt 0:02:30]} Nd8 {[%emt 0:09:31]} 21. Nh4 {[%emt 0:07:56]} Bc8 {[%emt 0:06:49]} 22. Rxf6 {[%emt 0:03:12]} Bxh3 {[%emt 0:00:08]} 23. Rxf7 {[%emt 0:00:11]} Nxf7 {[%emt 0:06:30]} 24. Bxf7 {[%emt 0:00:06]} Bg4 {[%emt 0:03:39]} 25. f3 {[%emt 0:03:27]} Bd7 {[%emt 0:00:07]} 26. Bxg8+ {[%emt 0:00:05]} Kxg8 {[%emt 0:00:25]} 27. f4 {[%emt 0:03:44]} g5 {[%emt 0:02:42]} 28. fxg5 {[%emt 0:00:12]} hxg5 {[%emt 0:00:02]} 29. Nf3 {[%emt 0:00:14]} g4 {[%emt 0:00:06]} 30. Nh4 {[%emt 0:00:23]} a5 {[%emt 0:00:42]} 31. Rf1 {[%emt 0:01:53]} b4 {[%emt 0:00:26]} 32. c4 {[%emt 0:01:26]} Ba4 {[%emt 0:00:06]} 33. Rf2 {[%emt 0:01:23]} g3 {[%emt 0:01:23]} 34. hxg3 {[%emt 0:00:38]} Bd1 {[%emt 0:01:24]} 35. Nf5 {[%emt 0:00:46]} b3 {[%emt 0:00:35]} 36. a3 {[%emt 0:02:55]} Bc2 {[%emt 0:00:51]} 37. Rd2 {[%emt 0:02:19]} Kf7 {[%emt 0:00:29]} 38. Ne3 {[%emt 0:02:29]} Rb8 {[%emt 0:00:04]} 39. Kf2 {[%emt 0:00:00]} c5 {[%emt 0:00:00]} 40. g4 {[%emt 0:00:00]} Ke6 {[%emt 0:00:00]} 41. Kg3 {[%emt 0:11:52]} Kf6 {[%emt 0:03:25]} 42. Nf5 {[%emt 0:11:31]} Rd8 {[%emt 0:01:29]} 43. Nh4 {[%emt 0:02:26]} Rg8 {[%emt 0:02:27]} 44. Nf3 {[%emt 0:04:05]} Kg6 {[%emt 0:02:06]} 45. Rf2 {[%emt 0:06:21]} Rd8 {[%emt 0:07:29]} 46. Nh4+ {[%emt 0:01:23]} Kg7 {[%emt 0:00:58]} 47. Nf5+ {[%emt 0:03:31]} Kg6 {[%emt 0:00:23]} 48. Rf3 {[%emt 0:01:50]} Rd7 {[%emt 0:01:44]} 49. Nh4+ {[%emt 0:00:26]} Kg7 {[%emt 0:00:09]} 50. g5 {[%emt 0:00:26]} Kh7 {[%emt 0:02:25]} 51. Kh3 {[%emt 0:02:27]} a4 {[%emt 0:02:03]} 52. g6+ {[%emt 0:01:12]} Kg7 {[%emt 0:00:57]} 53. Rg3 {[%emt 0:00:06]} 1-0

[Event "ROU-chT 1st League 2019"]
[Site "Mamaia"]
[Date "2019.09.24"]
[Round "4.12"]
[White "Vasiesiu, Victor"]
[Black "Petrisor, Adrian-Marian"]
[Result "1-0"]
[WhiteElo "2251"]
[BlackElo "2411"]
[Annotator "NA"]
[PlyCount "84"]
[EventDate "2019.09.21"]
[EventType "team-tourn"]
[EventCountry "ROU"]
[SourceTitle "playchess.com"]
[Source "ChessBase"]
[SourceQuality "1"]
[TimeControl "40/5400+30:1800+30"]

1. e4 {[%emt 0:00:00]} e6 {[%emt 0:00:06]} 2. d4 {[%emt 0:00:00]} d5 {[%emt 0:00:06]} 3. Nc3 {[%emt 0:00:00]} Bb4 {[%emt 0:01:11]} 4. exd5 {[%emt 0:00:00]} exd5 {[%emt 0:00:25]} 5. Bd3 {[%emt 0:00:00]} Ne7 {[%emt 0:04:03]} 6. Nf3 {[%emt 0:00:14]} Nbc6 {[%emt 0:01:50]} 7. O-O {[%emt 0:00:22]} Bg4 {[%emt 0:03:27]} 8. h3 {[%emt 0:00:16]} Bh5 {[%emt 0:00:41]} 9. a3 {[%emt 0:00:07]} Bd6 {[%emt 0:05:32]} 10. Re1 {[%emt 0:02:13]} Nxd4 {[%emt 0:14:53]} 11. g4 {[%emt 0:00:47]} Nxf3+ {[%emt 0:00:04]} 12. Qxf3 {[%emt 0:00:05]} Bg6 {[%emt 0:00:04]} 13. Bxg6 {[%emt 0:00:58]} hxg6 {[%emt 0:00:26]} 14. Nxd5 {[%emt 0:00:14]} O-O {[%emt 0:02:12]} 15. Bg5 {[%emt 0:01:18]} Bh2+ {[%emt 0:02:02]} 16. Kxh2 {[%emt 0:00:25]} Qxd5 {[%emt 0:00:04]} 17. Qxd5 {[%emt 0:01:01]} Nxd5 {[%emt 0:00:04]} 18. Rad1 {[%emt 0:00:40]} c6 {[%emt 0:03:59]} 19. c4 {[%emt 0:01:48]} Nc7 {[%emt 0:04:30]} 20. Re7 {[%emt 0:02:27]} Ne6 {[%emt 0:00:13]} 21. Be3 {[%emt 0:00:16]} b6 {[%emt 0:23:16]} 22. Rdd7 {[%emt 0:06:35]} a5 {[%emt 0:06:37]} 23. Rb7 {[%emt 0:07:03]} a4 {[%emt 0:01:27]} 24. Rxb6 {[%emt 0:00:37]} c5 {[%emt 0:00:23]} 25. Rbb7 {[%emt 0:02:34]} Ra6 {[%emt 0:02:33]} 26. Ra7 {[%emt 0:02:11]} Ra8 {[%emt 0:00:06]} 27. Re8+ {[%emt 0:01:05]} Rxe8 {[%emt 0:00:05]} 28. Rxa6 {[%emt 0:00:04]} Rb8 {[%emt 0:00:07]} 29. Bc1 {[%emt 0:00:05]} Nd4 {[%emt 0:00:21]} 30. Rxa4 {[%emt 0:01:00]} Nf3+ {[%emt 0:01:08]} 31. Kg3 {[%emt 0:21:39]} Rb3 {[%emt 0:00:37]} 32. Kf4 {[%emt 0:00:56]} Ne1 {[%emt 0:03:03]} 33. Ke4 {[%emt 0:02:53]} Nd3 {[%emt 0:00:18]} 34. Be3 {[%emt 0:00:14]} Nxb2 {[%emt 0:00:09]} 35. Ra8+ {[%emt 0:00:05]} Kh7 {[%emt 0:00:04]} 36. Kd5 {[%emt 0:00:14]} Nd3 {[%emt 0:00:33]} 37. Bxc5 {[%emt 0:03:54]} Nf4+ {[%emt 0:00:12]} 38. Ke4 {[%emt 0:00:46]} Nxh3 {[%emt 0:03:20]} 39. Be3 {[%emt 0:00:27]} Rc3 {[%emt 0:00:05]} 40. c5 {[%emt 0:00:00]} f5+ {[%emt 0:00:00]} 41. gxf5 {[%emt 0:01:27]} gxf5+ {[%emt 0:03:06]} 42. Kd4 {[%emt 0:03:01]} Rc2 {[%emt 0:01:02] Ke4} 1-0

[Event "ROU-chT 1st League 2019"]
[Site "Mamaia"]
[Date "2019.09.24"]
[Round "4.13"]
[White "Parligras, Mircea-Emilian"]
[Black "Tarlev, Konstantin"]
[Result "1-0"]
[WhiteElo "2629"]
[BlackElo "2559"]
[Annotator "TA"]
[PlyCount "60"]
[EventDate "2019.09.21"]
[EventType "team-tourn"]
[EventCountry "ROU"]
[SourceTitle "playchess.com"]
[Source "ChessBase"]
[SourceQuality "1"]

{[%evp 18,60,27,21,18,19,24,4,37,27,61,56,71,61,53,27,33,14,28,35,20,16,26,-109,-84,-135,-17,-24,-25,-33,121,113,328,315,305,235,241,234,235,217,347,341,1357,0,247]} 1. e4 e5 2. Nf3 Nc6 3. Bc4 Bc5 4. c3 Nf6 5. d3 d6 6. O-O a6 7. a4 O-O 8. Nbd2 Ba7 9. h3 Ne7 10. Re1 Ng6 {C54: Giuoco Piano: 4 c3 Nf6, main lines with 5 d4 and 5 d3} 11. d4 Re8 12. Bb3 exd4 $146 ({Predecessor:} 12... Be6 13. Bc2 h6 14. Nf1 exd4 15. cxd4 d5 {1-0 (47) Vachier Lagrave,M (2796)-Nakamura,H (2785) Paris 2017}) 13. cxd4 d5 {[%cal Rd5e4]} 14. e5 Nh5 15. Nf1 Nhf4 16. Be3 f6 17. Qd2 fxe5 18. Nxe5 Rf8 $1 19. Ng3 $36 {[%mdl 2048] White has good play.} c6 20. Bc2 (20. Nxg6 $11 Nxg6 21. Bc2) 20... Nxe5 $17 21. dxe5 (21. Bxf4 $142 Nc4 {[%mdl 64] Double Attack} 22. Qd3) 21... Qh4 (21... Qg5 $1 $17 22. Rad1 Bxe3 23. Qxe3 Be6) 22. Bxa7 $11 Rxa7 23. a5 c5 $2 (23... Ra8 $15 {keeps the upper hand.}) 24. e6 $16 {aiming for e7.} Qh6 $2 ({Wrong is} 24... Bxe6 $2 25. Rxe6 $1 {[%mdl 512]} Nxe6 26. Qxd5 $18) (24... b6 $16) 25. e7 $18 {Hoping for Bxh7+!} Re8 {White must now prevent ...Nxh3+!} 26. Qc3 b6 27. axb6 Qxb6 {[#]} 28. Qf3 $1 {[%cal Rf3f4]} Qf6 (28... g5 {was called for.}) 29. Nh5 Qb6 $2 (29... Nxh3+ 30. Qxh3 Bxh3 31. Nxf6+ gxf6 32. gxh3 a5) 30. Ng3 $2 (30. Nxf4 $18 Bd7 31. Qxd5+ Kh8 32. Ne6 Bxe6 33. Rxe6 Qxe6 34. Qxe6 Raxe7 35. Qf5 {[%mdl 64] Double Attack}) 30... Qh6 $2 {Accuracy: White = 34%, Black = 35%.} (30... Qf6 $1 $11) 1-0

[Event "ROU-chT 1st League 2019"]
[Site "Mamaia"]
[Date "2019.09.24"]
[Round "4.14"]
[White "Morozov, Nichita"]
[Black "Deac, Bogdan-Daniel"]
[Result "1/2-1/2"]
[WhiteElo "2394"]
[BlackElo "2613"]
[Annotator "TA"]
[PlyCount "61"]
[EventDate "2019.09.21"]
[EventType "team-tourn"]
[EventCountry "ROU"]
[SourceTitle "playchess.com"]
[Source "ChessBase"]
[SourceQuality "1"]

{[%evp 9,61,10,27,0,4,-8,5,-9,-16,-36,0,0,22,0,7,4,15,0,33,21,22,40,22,18,25,0,0,0,0,0,0,0,0,0,0,-29,-16,-36,-11,-54,-55,-79,0,0,165,164,186,186,178,185,170,0,0,0]} 1. d4 Nf6 2. Bg5 d5 3. e3 c5 4. Bxf6 gxf6 5. dxc5 e6 6. c4 {D00: 1 d4 d5: Unusual lines} dxc4 7. Nd2 c3 8. bxc3 Bxc5 9. Qg4 Bf8 $146 ({Predecessor:} 9... Nd7 10. Bb5 a6 11. Bxd7+ Bxd7 12. Qg7 Rf8 13. Ngf3 Be7 {½-½ (67) Nguyen,N (2634)-Tomashevsky,E (2758) Baku 2015}) 10. Ngf3 a6 11. Rd1 Qc7 12. Be2 Nd7 13. O-O Nc5 14. Ne4 Nxe4 15. Qxe4 Bg7 16. Nd4 O-O 17. Qh4 Qxc3 18. Bd3 {[%csl Gd3][%cal Rh4h7] [#]} f5 19. g4 {[%cal Rg4f5]} Bxd4 20. exd4 $40 {[%mdl 128] White has some attack.} Qxd4 21. Bxf5 {[%csl Gf5][%cal Rh4h7]} Qg7 22. Bb1 e5 23. Rd3 f5 ({Avoid the trap} 23... Bxg4 $2 24. Rg3 $18) 24. f4 e4 25. Rg3 {And now gxf5 would win.} fxg4 (25... Qd4+ $17 26. Kh1 Kh8 27. gxf5 Bxf5) 26. f5 $1 $11 Rxf5 $2 ({Wrong is} 26... Bxf5 $2 {[#]} 27. Rxf5 $1 {[%mdl 512]} Kh8 28. Qxg4 $18) (26... Qd4+ $11 {and Black is okay.} 27. Kh1 Kh8 28. Qxg4 Qe5) 27. Qd8+ $18 Rf8 28. Qd5+ Kh8 {...Rxf1+ is the strong threat.} 29. Rxf8+ Qxf8 30. Qe5+ $2 ({Only move:} 30. Bxe4 $18 {Strongly threatening Qd4+.} Qf6 31. Rd3) 30... Qg7 $11 31. Qe8+ {Accuracy: White = 45%, Black = 41%.} 1/2-1/2

[Event "ROU-chT 1st League 2019"]
[Site "Mamaia"]
[Date "2019.09.24"]
[Round "4.15"]
[White "Svetushkin, Dmitry"]
[Black "Ionescu, Constantin"]
[Result "1-0"]
[WhiteElo "2534"]
[BlackElo "2426"]
[Annotator "ChessBase"]
[PlyCount "55"]
[EventDate "2019.09.21"]
[EventType "team-tourn"]
[EventCountry "ROU"]
[SourceTitle "playchess.com"]
[Source "ChessBase"]
[SourceQuality "1"]
[TimeControl "40/5400+30:1800+30"]

1. e4 {[%emt 0:00:00]} c5 {[%emt 0:00:00]} 2. Nf3 {[%emt 0:00:00]} e6 {[%emt 0:00:00]} 3. Nc3 {[%emt 0:00:35]} a6 {[%emt 0:00:02]} 4. d4 {[%emt 0:00:09]} cxd4 {[%emt 0:00:11]} 5. Nxd4 {[%emt 0:00:07]} Qc7 {[%emt 0:00:05]} 6. Bd3 {[%emt 0:00:17]} Nf6 {[%emt 0:00:57]} 7. f4 {[%emt 0:00:23]} b5 {[%emt 0:00:20]} 8. e5 {[%emt 0:01:28]} b4 {[%emt 0:01:16]} 9. Na4 {[%emt 0:00:09]} Nd5 {[%emt 0:00:16]} 10. O-O {[%emt 0:00:32]} Bb7 {[%emt 0:00:12]} 11. Be4 {[%emt 0:02:07]} g6 {[%emt 0:24:18]} 12. c4 {[%emt 0:02:28]} bxc3 {[%emt 0:06:19]} 13. bxc3 {[%emt 0:03:41]} Ne7 {[%emt 0:05:51]} 14. Bxb7 {[%emt 0:13:15]} Qxb7 {[%emt 0:00:28]} 15. Ba3 {[%emt 0:00:06]} Nd5 {[%emt 0:08:35]} 16. Bxf8 {[%emt 0:00:46]} Kxf8 {[%emt 0:04:57]} 17. Qd2 {[%emt 0:07:24]} Nc6 {[%emt 0:05:43]} 18. Kh1 {[%emt 0:23:37]} Nce7 {[%emt 0:09:37]} 19. f5 {[%emt 0:04:02]} Nxf5 {[%emt 0:02:18]} 20. Nxf5 {[%emt 0:00:07]} exf5 {[%emt 0:09:28]} 21. c4 {[%emt 0:05:05]} Ne7 {[%emt 0:00:15]} 22. Nc5 {[%emt 0:00:18]} Qc7 {[%emt 0:01:34]} 23. Nxd7+ {[%emt 0:01:47]} Kg7 {[%emt 0:02:45]} 24. Qc3 {[%emt 0:00:48]} Rhd8 {[%emt 0:05:33]} 25. e6+ {[%emt 0:00:11]} Kg8 {[%emt 0:00:12]} 26. Nf6+ {[%emt 0:00:53]} Kf8 {[%emt 0:00:08]} 27. Nxh7+ {[%emt 0:00:04]} Kg8 {[%emt 0:00:07]} 28. Ng5 {[%emt 0:02:53]} 1-0

[Event "ROU-chT 1st League 2019"]
[Site "Mamaia"]
[Date "2019.09.24"]
[Round "4.16"]
[White "Cosma, Ioan"]
[Black "Iordachescu, Viorel"]
[Result "0-1"]
[WhiteElo "2394"]
[BlackElo "2602"]
[Annotator "RC"]
[PlyCount "70"]
[EventDate "2019.09.21"]
[EventType "team-tourn"]
[EventCountry "ROU"]
[SourceTitle "playchess.com"]
[Source "ChessBase"]
[SourceQuality "1"]
[TimeControl "40/5400+30:1800+30"]

1. d4 {[%emt 0:00:00]} Nf6 {[%emt 0:00:00]} 2. Nf3 {[%emt 0:00:00]} g6 {[%emt 0:00:04]} 3. c4 {[%emt 0:00:43]} Bg7 {[%emt 0:00:08]} 4. Nc3 {[%emt 0:00:05]} d5 {[%emt 0:00:06]} 5. Bf4 {[%emt 0:03:09]} O-O {[%emt 0:03:13]} 6. e3 {[%emt 0:00:06]} Be6 {[%emt 0:00:51]} 7. c5 {[%emt 0:04:35]} c6 {[%emt 0:00:34]} 8. h3 {[%emt 0:04:38]} b6 {[%emt 0:03:53]} 9. b4 {[%emt 0:00:17]} a5 {[%emt 0:10:46]} 10. a3 {[%emt 0:00:46]} axb4 {[%emt 0:00:58]} 11. axb4 {[%emt 0:00:09]} Nbd7 {[%emt 0:00:14]} 12. cxb6 {[%emt 0:38:22]} Qxb6 {[%emt 0:05:52]} 13. Rb1 {[%emt 0:00:28]} Ne4 {[%emt 0:12:43]} 14. Nxe4 {[%emt 0:03:25]} dxe4 {[%emt 0:00:09]} 15. Nd2 {[%emt 0:00:05]} Ba2 {[%emt 0:00:13]} 16. Rb2 {[%emt 0:03:53]} e5 {[%emt 0:01:19]} 17. Bc4 {[%emt 0:00:13]} exf4 {[%emt 0:07:46]} 18. Bxa2 {[%emt 0:00:32]} fxe3 {[%emt 0:01:29]} 19. fxe3 {[%emt 0:00:14]} c5 {[%emt 0:04:54]} 20. Nc4 {[%emt 0:05:26]} Qc7 {[%emt 0:03:26]} 21. bxc5 {[%emt 0:05:16]} Qg3+ {[%emt 0:03:50]} 22. Rf2 {[%emt 0:03:04]} Rxa2 {[%emt 0:00:12]} 23. O-O {[%emt 0:00:08]} Rxf2 {[%emt 0:05:36]} 24. Rxf2 {[%emt 0:00:05]} Nf6 {[%emt 0:02:29]} 25. Qc2 {[%emt 0:06:50]} h5 {[%emt 0:05:42]} 26. Rf1 {[%emt 0:04:14]} h4 {[%emt 0:00:28]} 27. c6 {[%emt 0:00:21]} Rc8 {[%emt 0:01:48]} 28. Nb6 {[%emt 0:01:31]} Qxe3+ {[%emt 0:01:52]} 29. Kh2 {[%emt 0:00:38]} Rc7 {[%emt 0:05:33]} 30. Na8 {[%emt 0:00:59]} Ra7 {[%emt 0:04:06]} 31. c7 {[%emt 0:00:20]} Rxa8 {[%emt 0:00:17]} 32. c8=Q+ {[%emt 0:00:08]} Rxc8 {[%emt 0:00:05]} 33. Qxc8+ {[%emt 0:00:05]} Kh7 {[%emt 0:00:10]} 34. Qc7 {[%emt 0:00:42]} Qxd4 {[%emt 0:00:58]} 35. Qxf7 {[%emt 0:00:29]} Qe5+ {[%emt 0:00:08]} 0-1

[Event "ROU-chT 1st League 2019"]
[Site "Mamaia"]
[Date "2019.09.24"]
[Round "4.17"]
[White "Nevednichy, Vladislav"]
[Black "Itkis, Boris"]
[Result "1/2-1/2"]
[WhiteElo "2522"]
[BlackElo "2323"]
[Annotator "ChessBase"]
[PlyCount "88"]
[EventDate "2019.09.21"]
[EventType "team-tourn"]
[EventCountry "ROU"]
[SourceTitle "playchess.com"]
[Source "ChessBase"]
[SourceQuality "1"]
[TimeControl "40/5400+30:1800+30"]

1. e4 {[%emt 0:00:00]} e6 {[%emt 0:00:00]} 2. d4 {[%emt 0:00:00]} d5 {[%emt 0:00:00]} 3. Nc3 {[%emt 0:00:00]} Nf6 {[%emt 0:00:02]} 4. Bg5 {[%emt 0:00:53]} dxe4 {[%emt 0:00:10]} 5. Nxe4 {[%emt 0:00:03]} Nbd7 {[%emt 0:00:07]} 6. Nf3 {[%emt 0:00:30]} Be7 {[%emt 0:00:06]} 7. Nxf6+ {[%emt 0:00:27]} Bxf6 {[%emt 0:00:07]} 8. h4 {[%emt 0:00:08]} O-O {[%emt 0:00:27]} 9. Bd3 {[%emt 0:04:37]} c5 {[%emt 0:01:07]} 10. Qe2 {[%emt 0:03:56]} cxd4 {[%emt 0:00:11]} 11. Qe4 {[%emt 0:02:16]} g6 {[%emt 0:00:03]} 12. O-O-O {[%emt 0:17:57]} e5 {[%emt 0:01:39]} 13. Bxf6 {[%emt 0:11:44]} Qxf6 {[%emt 0:01:38]} 14. Bb5 {[%emt 0:00:25]} Rd8 {[%emt 0:22:12]} 15. Bxd7 {[%emt 0:15:51]} Bxd7 {[%emt 0:00:06]} 16. Qxe5 {[%emt 0:00:04]} Qxe5 {[%emt 0:02:37]} 17. Nxe5 {[%emt 0:00:02]} f6 {[%emt 0:07:39]} 18. Nxd7 {[%emt 0:03:00]} Rxd7 {[%emt 0:00:05]} 19. Rh3 {[%emt 0:08:07]} Rad8 {[%emt 0:02:10]} 20. Rhd3 {[%emt 0:00:19]} Kf7 {[%emt 0:00:04]} 21. c4 {[%emt 0:06:42]} b6 {[%emt 0:03:06]} 22. Kc2 {[%emt 0:01:38]} h5 {[%emt 0:04:16]} 23. b4 {[%emt 0:00:47]} Ke6 {[%emt 0:00:35]} 24. Re1+ {[%emt 0:01:11]} Kf7 {[%emt 0:00:04]} 25. Kb3 {[%emt 0:00:36]} Rd6 {[%emt 0:04:51]} 26. Re2 {[%emt 0:02:31]} a6 {[%emt 0:03:24]} 27. Rc2 {[%emt 0:06:18]} Ke6 {[%emt 0:06:59]} 28. c5 {[%emt 0:04:41]} bxc5 {[%emt 0:00:06]} 29. Rxc5 {[%emt 0:00:38]} R8d7 {[%emt 0:03:21]} 30. Kc4 {[%emt 0:01:02]} Rd8 {[%emt 0:04:21]} 31. a4 {[%emt 0:00:20]} Rb8 {[%emt 0:03:37]} 32. a5 {[%emt 0:02:33]} Rbd8 {[%emt 0:00:09]} 33. f3 {[%emt 0:00:26]} f5 {[%emt 0:03:46]} 34. g3 {[%emt 0:01:19]} R8d7 {[%emt 0:04:29]} 35. f4 {[%emt 0:00:55]} Rd8 {[%emt 0:00:07]} 36. Re5+ {[%emt 0:00:12]} Kf6 {[%emt 0:00:05]} 37. b5 {[%emt 0:02:10]} axb5+ {[%emt 0:03:42]} 38. Rxb5 {[%emt 0:00:07]} Rc8+ {[%emt 0:00:22]} 39. Rc5 {[%emt 0:00:43]} Rcd8 {[%emt 0:00:51]} 40. Kb4 {[%emt 0:00:00]} Ke6 {[%emt 0:00:00]} 41. Kc4 {[%emt 0:01:41]} Kf6 {[%emt 0:03:53]} 42. Rb5 {[%emt 0:00:27]} Ke6 {[%emt 0:00:13]} 43. Re5+ {[%emt 0:11:11]} Kf6 {[%emt 0:00:13]} 44. Rb5 {[%emt 0:01:27]} Rc8+ {[%emt 0:00:18] Rb6 Ke6+} 1/2-1/2

[Event "ROU-chT 1st League 2019"]
[Site "Mamaia"]
[Date "2019.09.24"]
[Round "4.18"]
[White "Ileana, George"]
[Black "Costachi, Mihnea"]
[Result "1/2-1/2"]
[WhiteElo "2349"]
[BlackElo "2463"]
[Annotator "TA"]
[PlyCount "49"]
[EventDate "2019.09.21"]
[EventType "team-tourn"]
[EventCountry "ROU"]
[SourceTitle "playchess.com"]
[Source "ChessBase"]
[SourceQuality "1"]

{[%evp 19,49,16,17,0,0,0,0,0,0,0,0,-16,-9,-35,-30,-44,-14,-29,0,-9,-10,-14,8,11,79,0,0,0,70,13,11,0]} 1. e4 e5 2. Nf3 Nc6 3. Bb5 Nf6 4. O-O Nxe4 5. d4 Nd6 6. Bxc6 dxc6 7. dxe5 Nf5 8. Qxd8+ Kxd8 9. Rd1+ Ke8 10. Nc3 Be7 11. Bg5 {C67: Ruy Lopez: Berlin Defence: 4 0-0 Nxe4} (11. h3 {is more complex.} Be6 12. b3 Rd8 13. Bf4 h5 14. Kf1) (11. Ne2 Nh4 12. Nxh4 Bxh4 13. Nd4 a6 14. Bf4 c5 15. Ne2 Bf5 16. c4 Rd8 17. Nc3 Rd7 18. Be3 b6 {½-½ (41) Vachier Lagrave,M (2779)-Aronian,L (2767) Saint Louis 2018}) 11... Bxg5 12. Nxg5 h6 13. Nf3 Be6 14. b3 Rd8 15. Rxd8+ Kxd8 16. Rd1+ $146 ({Predecessor:} 16. h3 Kc8 17. Rd1 c5 18. g4 Ne7 {0-1 (44) Muzas,K (2118)-Straka,J (2169) ICCF email 2012}) 16... Kc8 $1 17. Kf1 g5 18. h3 Re8 19. Ne4 Bd5 20. Re1 Bxe4 21. Rxe4 Nd6 (21... c5 $11 {remains equal.}) 22. Re3 (22. Rg4 $16) 22... Nf5 $11 23. Re4 ({Better is} 23. Re1 $11) 23... Nd6 $14 24. Re1 ({White should play} 24. Rg4 $14) 24... Nf5 $11 25. Re4 {Accuracy: White = 12%, Black = 61%.} 1/2-1/2